| 000 | 00710nam a2200193Ia 4500 | ||
|---|---|---|---|
| 003 | OSt | ||
| 005 | 20250217143148.0 | ||
| 007 | ca aa aaaaa | ||
| 008 | 201103s9999 xx 000 0 und d | ||
| 040 | _cSSBUL | ||
| 041 | _abur | ||
| 082 |
_a၂၉၄.၃၄၃၅၀၉ _bထူ |
||
| 245 | 0 | _aထူပဝင်ဝတ္ထု ၊ မဟာထူပဝင်-စူဠပဝင်နှစ်စောင်တွဲ။ | |
| 260 |
_aရန်ကုန် ၊ _bဟံသဝတီပိဋကတ်ပုံနှိပ်တိုက်၊ _c၁၉၅၈။ |
||
| 300 |
_aဏ၊ ၂၃၉ စာမျက်နှာ ၊ _c၂၀ စင်တီ။ |
||
| 942 |
_cBK _2ddc |
||
| 942 | _2ddc | ||
| 942 | _2ddc | ||
| 999 |
_c21076 _d21076 |
||